000 00507 a2200157 4500
005 20190806102637.0
008 190527b1963 fr ||||| |||| 00| 0 fre d
040 _aCO-BoUCM
_bspa
_cJuan Jose Mateus (modificó)
_dJuan Jose Mateus (modificó)
041 1 _afre
100 1 0 _aBuron, Robert
_996470
245 1 3 _aLe plus beau des métiers
260 _bPlon
_c1963
_aParís
650 7 _9340
_aCiencia política
942 _cLIBRO
_2DEWEY
_a27
_e1
_h320.944
_mB967p
_n0
999 _c312338
_d312338